000 00820nam a22003137a 4500
001 BR0809298
003 BR-BrBNA
005 20230928102825.0
007 ta
008 230509b bl.||||| |||| 00| 0 por d
040 _aBR-BrBNA
_bpor
_cBiblioteca Nacional de Agricultura
041 _a(Por)
072 _aC30; U10
090 _ C30 BR0809298
100 1 _aDeitel, H.M.
100 1 _aDeitel, P.J.
245 1 _aJava: como programar
250 1 _a6. ed.
260 3 _aSão Paulo, SP (Brasil):
_bPearson Education do Brasil,
_c2005.
300 _a1110 p.
500 _aInclui CD-Room
650 _aBASE DE DADOS
650 _aDOCUMENTAÇÃO
650 _aINFORMÁTICA
650 _aTECNOLOGIA DA INFORMAÇÃO
650 _aMODELO MATEMÁTICO
909 _a202309
_bLucia
_c55
_dLucia Elande
942 _cBK
999 _c72588
_d72588